[Event "Hastings Masters"]
[Site "Horntye Park Sports Complex, "]
[Date "2012.01.05"]
[Round "9.1"]
[White "Shyam, Sundar M"]
[Black "Wang, Yue"]
[Result "1/2-1/2"]
[WhiteElo "2462"]
[BlackElo "2697"]
[PlyCount "50"]
[EventDate "2012.??.??"]
[TimeControl "120+23"]
[WhiteClock "0:17:43"]

1. e4 c6 2. d4 d5 3. Nc3 dxe4 4. Nxe4 Bf5 5. Ng3 Bg6 6. Nh3 e6 7. Nf4 Bd6 8. c3
Nf6 9. h4 Bxf4 10. Bxf4 h6 11. Qb3 Qe7 12. h5 Bh7 13. Be2 O-O 14. O-O a5 15. a4
Nd5 16. Bd2 Qc7 17. Bf3 Nd7 18. Rfe1 Rfd8 19. Nf1 N7f6 20. Re5 Nd7 21. Ree1
N5f6 22. Rad1 Qb6 23. Qxb6 Nxb6 24. Ra1 Nbd5 25. g4 Rac8 1/2-1/2

[Event "Hastings Masters"]
[Site "Horntye Park Sports Complex, "]
[Date "2012.01.05"]
[Round "9.2"]
[White "Vovk, Yuri"]
[Black "Lalith, Babu M.R"]
[Result "1/2-1/2"]
[WhiteElo "2571"]
[BlackElo "2484"]
[PlyCount "59"]
[EventDate "2012.??.??"]
[TimeControl "120+29"]
[WhiteClock "1:40:00"]
[BlackClock "0:57:03"]

1. e4 c6 2. d4 d5 3. Nc3 dxe4 4. Nxe4 Bf5 5. Ng3 Bg6 6. h4 h6 7. Nf3 Nd7 8. h5
Bh7 9. Bd3 Bxd3 10. Qxd3 e6 11. Bd2 Ngf6 12. O-O-O Qc7 13. Qe2 Be7 14. Ne5 O-O
15. Ng6 Rfe8 16. Nxe7+ Rxe7 17. Qf3 Qd6 18. Bf4 Qd5 19. Qa3 Ree8 20. f3 b5 21.
Kb1 a5 22. Qe3 Qc4 23. Ne4 Nxe4 24. fxe4 e5 25. dxe5 Nxe5 26. Qg3 Qe6 27. Rd4
Qf6 28. Rhd1 Re6 29. Bc1 a4 30. b3 1/2-1/2

[Event "Hastings Masters"]
[Site "Horntye Park Sports Complex, "]
[Date "2012.01.05"]
[Round "9.3"]
[White "Kjartansson, Gudmundur"]
[Black "Istratescu, Andrei"]
[Result "0-1"]
[WhiteElo "2326"]
[BlackElo "2627"]
[PlyCount "112"]
[EventDate "2012.??.??"]
[TimeControl "120+34"]
[WhiteClock "0:01:00"]
[BlackClock "1:40:00"]

1. d4 Nf6 2. c4 g6 3. Nc3 d5 4. e3 Bg7 5. Qb3 e6 6. Qa3 Nc6 7. Nf3 Ne7 8. Be2
O-O 9. O-O b6 10. Rd1 Bb7 11. b3 a5 12. Bd2 Ne4 13. Be1 Nf5 14. Rac1 a4 15.
bxa4 Nxc3 16. Qxc3 c5 17. cxd5 Qxd5 18. Qb3 cxd4 19. Rc7 Qxb3 20. axb3 Bd5 21.
g4 Nd6 22. Bb4 Rfd8 23. Nxd4 Ne8 24. Rc3 Rdc8 25. Rdc1 Rxc3 26. Rxc3 Nf6 27. f3
Nd7 28. Bc4 Bxd4 29. exd4 Bxc4 30. Rxc4 Nf6 31. Rc6 Nd5 32. Bd6 g5 33. Kf2 h6
34. Ke2 Kh7 35. Kd3 Kg6 36. Kc4 h5 37. h3 h4 38. Kb5 Ra5+ 39. Kc4 Ra8 40. Kd3
Kh7 41. f4 gxf4 42. Ke4 Kg6 43. Bxf4 b5 44. axb5 Ra3 45. b4 Rxh3 46. b6 Rb3 47.
Rc8 Nf6+ 48. Ke5 Rxb4 49. d5 Nd7+ 50. Kd6 Nxb6 51. Rg8+ Kh7 52. Rg5 Nxd5 53.
Rh5+ Kg6 54. Rg5+ Kf6 55. Bd2 Rd4 56. Rg8 Ne7+ 0-1

[Event "Hastings Masters"]
[Site "Horntye Park Sports Complex, "]
[Date "2012.01.05"]
[Round "9.4"]
[White "Edouard, Romain"]
[Black "Simacek, Pavel"]
[Result "1/2-1/2"]
[WhiteElo "2621"]
[BlackElo "2448"]
[PlyCount "98"]
[EventDate "2012.??.??"]
[TimeControl "120+21"]
[WhiteClock "0:46:14"]
[BlackClock "1:40:00"]

1. d4 Nf6 2. c4 c5 3. d5 e6 4. Nc3 exd5 5. cxd5 d6 6. Nf3 g6 7. Bf4 a6 8. a4
Bg7 9. h3 O-O 10. e3 Ne8 11. Be2 Nd7 12. O-O Rb8 13. Qc2 Qe7 14. Nd2 Ne5 15.
Bh2 f5 16. Rae1 Nf6 17. a5 Bd7 18. Qb3 Rfd8 19. Qa3 Be8 20. f4 Ned7 21. Bf3 b5
22. axb6 Nxb6 23. e4 fxe4 24. Ndxe4 Nxe4 25. Rxe4 Bd4+ 26. Kh1 Qg7 27. Qxa6 Bf7
28. Re7 Qf6 29. Rb7 Bxc3 30. bxc3 Nxd5 31. Rxb8 Rxb8 32. f5 Ne3 33. fxg6 Qxg6
34. Qxd6 Qxd6 35. Bxd6 Rd8 36. Re1 Nxg2 37. Rd1 Bb3 38. Rd2 Ne3 39. Kg1 Kf7 40.
Kf2 Ke6 41. Kxe3 Rxd6 42. Rb2 Bd5 43. Bg4+ Ke5 44. Rb5 Rc6 45. Rb7 h5 46. Be2
Rg6 47. Rh7 Rg3+ 48. Kd2 Rxh3 49. Rxh5+ Rxh5 1/2-1/2

[Event "Hastings Masters"]
[Site "Horntye Park Sports Complex"]
[Date "2012.01.05"]
[Round "9.30"]
[White "Edwards, Jonathan"]
[Black "Repplinger, Marc"]
[Result "1/2-1/2"]
[WhiteElo "1825"]
[BlackElo "2241"]
[PlyCount "75"]
[EventDate "2012.??.??"]

1. e4 e6 2. Nf3 d5 3. e5 Bd7 4. c3 c5 5. d4 Qb6 6. Be2 cxd4 7. cxd4 Nc6 8. O-O
Nge7 9. Nc3 Nf5 10. Na4 Qa5 11. Bd2 Qd8 12. Bf4 b6 13. Rc1 Be7 14. Nc3 h5 15.
Qd2 a6 16. Rfe1 b5 17. Nxd5 exd5 18. e6 fxe6 19. Rxc6 Bxc6 20. Ne5 Qb6 21. Ng6
O-O-O 22. Bd3 Bf6 23. Nxh8 Rxh8 24. Rxe6 Nxd4 25. Rxf6 gxf6 26. Be3 Re8 27. h4
Kb7 28. Bg6 Rxe3 29. Qxe3 Qc5 30. Bxh5 Bd7 31. Bf7 Kc6 32. h5 Nf5 33. Qf3 Qd4
34. Qa3 Kb6 35. Qf3 Kc6 36. Qa3 Kb6 37. Qf3 Kc6 38. Qa3 1/2-1/2

[Event "Hastings Masters"]
[Site "Horntye Centre, Hastings, "]
[Date "2012.01.05"]
[Round "9.33"]
[White "Hagesaether, Arne"]
[Black "Marusenko, Petr"]
[Result "1-0"]
[WhiteElo "2152"]
[BlackElo "2198"]
[PlyCount "61"]
[EventDate "2012.??.??"]

1. e4 c6 2. d4 d5 3. Nc3 dxe4 4. Nxe4 Bf5 5. Ng3 Bg6 6. h4 h6 7. Nf3 Nd7 8. h5
Bh7 9. Bd3 Bxd3 10. Qxd3 e6 11. Bf4 Bb4+ 12. Bd2 Bxd2+ 13. Qxd2 Ngf6 14. O-O-O
O-O 15. Nf1 Qb6 16. Ne3 Rfd8 17. Kb1 c5 18. Rh4 Rac8 19. c4 e5 20. d5 e4 {
Diagram #} 21. Nf5 $5 exf3 22. Nxh6+ Kf8 23. Nf5 Ng8 24. d6 f6 25. h6 gxh6 26.
Rxh6 Ne5 27. Rxf6+ $1 Nxf6 28. Qg5 Ng8 (28... Ne8 29. Qe7+ Kg8 30. Nh6+ Kh8 31.
Qf8+ Kh7 32. Qg8+ Kxh6 33. Rh1#) 29. Qg7+ Ke8 30. d7+ $1 Nxd7 31. Re1+ 1-0

[Event "Hastings Masters"]
[Site "Horntye Centre, Hastings, "]
[Date "2012.01.05"]
[Round "9.43"]
[White "Lakshmi, Sahiti P"]
[Black "Lewicki. Pawel"]
[Result "1-0"]
[WhiteElo "2110"]
[BlackElo "1850"]
[PlyCount "55"]
[EventDate "2012.??.??"]

1. e4 c5 2. Nf3 d6 3. d4 cxd4 4. Nxd4 Nf6 5. Nc3 g6 6. Be3 Ng4 7. Bb5+ Bd7 8.
Qxg4 Nc6 9. Qe2 Bg7 10. Qd2 h5 11. Bc4 a6 12. Nd5 Ne5 13. Be2 Ng4 14. c3 Nxe3
15. Qxe3 e6 16. Nb4 Qc7 17. Nf3 a5 18. Nc2 a4 19. O-O h4 20. Ncd4 Ra5 21. b4
Rah5 22. Ng5 R5h6 23. Nb5 Bxb5 24. Bxb5+ Ke7 25. Rad1 Rh5 26. f4 f6 27. e5 fxe5
28. fxe5 1-0

[Event "Hastings Masters"]
[Site "Horntye Centre, Hastings, "]
[Date "2012.01.05"]
[Round "9.47"]
[White "Obsieger, Hendrik"]
[Black "Drogou, Gerard"]
[Result "0-1"]
[WhiteElo "1869"]
[BlackElo "2063"]
[PlyCount "55"]
[EventDate "2012.??.??"]

1. e4 Nf6 2. Nc3 e5 3. f4 d5 4. fxe5 Nxe4 5. Nf3 Be7 6. d4 O-O 7. Bd3 f5 8.
exf6 Nxf6 9. O-O Nc6 10. Kh1 Nb4 11. Be2 Bf5 12. a3 Nc6 13. Nh4 Be4 14. Nf5
Bxf5 15. Rxf5 Qd7 16. Rf1 Ng4 17. Bf4 Nf6 18. Qd2 Bd6 19. h3 Rae8 20. Bg5 Qe6
21. Bf3 Ne4 22. Nxe4 dxe4 23. Bg4 Qc4 24. Rfd1 Nxd4 25. c3 Nb3 26. Qe2 Qxe2 27.
Bxe2 Nxa1 28. Rxa1 0-1

[Event "Hastings Masters"]
[Site "Horntye Centre, Hastings, "]
[Date "2012.01.05"]
[Round "9.50"]
[White "Spanton, Tim R"]
[Black "Pooley, Mark"]
[Result "1-0"]
[WhiteElo "1978"]
[BlackElo "1608"]
[PlyCount "99"]
[EventDate "2012.??.??"]

1. c4 b6 2. Nf3 Bb7 3. g3 d6 4. Bg2 Nd7 5. d4 e6 6. Nc3 g6 7. O-O Bg7 8. e4 Ne7
9. Re1 O-O 10. Be3 a6 11. Qd2 d5 12. cxd5 exd5 13. Bh6 dxe4 14. Bxg7 Kxg7 15.
Nxe4 Nd5 16. Ne5 Nxe5 17. dxe5 Ne7 18. Qg5 Nd5 $11 19. Nf6 h6 20. Qd2 c6 21.
Nxd5 cxd5 22. e6 Qe7 23. Bxd5 Bxd5 24. Qxd5 Rad8 25. Qe5+ Kh7 26. Rad1 Rxd1 27.
Rxd1 fxe6 28. Rd6 Qf7 29. Qd4 Re8 30. Qxb6 e5 31. Rf6 Qg7 $11 32. Qxa6 e4 33.
b4 Qd7 34. Qd6 Qg7 35. b5 e3 36. fxe3 Rxe3 37. b6 Re7 38. Rf1 Rd7 39. Qf6 Qg8
40. Qb2 Qd5 41. a4 Qc5+ 42. Qf2 Qb4 43. Rc1 Qd6 44. a5 Qa3 45. Rb1 Rb7 46. Qg2
Qe3+ 47. Kh1 Rb8 48. Rd1 Qe7 49. Qc6 Kh8 50. Qxg6 {White won in 61 moves!} 1-0

[Event "Hastings Masters"]
[Site "Horntye Centre, Hastings, "]
[Date "2012.01.05"]
[Round "9.51"]
[White "Calvert, D Ian"]
[Black "Willson, Ollie"]
[Result "1-0"]
[WhiteElo "1947"]
[BlackElo "1664"]
[PlyCount "97"]
[EventDate "2012.??.??"]

1. b3 e5 2. Bb2 Nc6 3. e3 Nf6 4. Nf3 d6 5. d4 exd4 6. Nxd4 Nxd4 7. Qxd4 Be7 8.
Nc3 Be6 9. Be2 Qd7 10. Bf3 c6 11. O-O d5 12. Rad1 Bg4 13. Bxg4 Qxg4 14. Qxg4
Nxg4 15. e4 dxe4 16. Nxe4 Rd8 17. Rxd8+ Kxd8 18. Bxg7 Rg8 19. Bd4 f5 20. Nc5
Kc7 21. f3 Nh6 22. Re1 Bd6 23. Be5 Bxe5 24. Rxe5 Kd6 25. Re6+ Kxc5 26. Rxh6 Rg7
27. c3 Kd5 28. Kf2 Ke5 29. g3 Rd7 30. Ke3 Kd5 31. f4 Re7+ 32. Kd3 b5 33. c4+
Kc5 34. cxb5 cxb5 35. a3 Rd7+ 36. Kc3 Re7 37. Rf6 Re3+ 38. Kc2 Re2+ 39. Kd3
Rxh2 40. Rxf5+ Kc6 41. b4 Rh3 42. Rg5 h6 43. Rg6+ Kd5 44. Ke3 h5 45. Kf3 h4 46.
Kg2 Rxg3+ 47. Rxg3 hxg3 48. Kxg3 Ke4 49. Kg4 {White won in 56.move.} 1-0

[Event "Hastings Masters"]
[Site "Horntye Centre, Hastings, "]
[Date "2012.01.05"]
[Round "9.54"]
[White "Macrae, James S"]
[Black "Van Veen, Wout"]
[Result "0-1"]
[WhiteElo "1740"]
[BlackElo "1944"]
[PlyCount "70"]
[EventDate "2012.??.??"]

1. d4 d5 2. Nf3 c5 3. e3 Nc6 4. c3 e6 5. Bd3 Nf6 6. Nbd2 Be7 7. O-O O-O 8. Qe2
cxd4 9. exd4 Qc7 10. Ne5 Ne8 11. Qh5 g6 12. Qe2 f6 13. Nxg6 hxg6 14. Bxg6 Bd6
15. Qh5 Qe7 16. Nf3 Bd7 17. Bh6 Ng7 18. Qh4 Be8 19. Bd3 Qf7 20. g4 e5 21. dxe5
Nxe5 22. Nxe5 fxe5 23. Bg5 e4 24. Bc2 Bb5 25. Rfe1 Ne6 26. Rad1 Bc5 27. Be3 Be7
28. g5 Bc6 29. Qg4 Qf5 30. Qxf5 Rxf5 31. h4 Kf7 32. Kg2 Rh8 33. Rh1 a6 34. Rhg1
Bc5 35. Bxc5 Nxc5 {Black won at move 45.} 0-1